History Quiz

Random History or Art Quiz

Art History Made Easy! Quiz Stats

Quiz not verified by Sporcle

Challenge
Share
Tweet
Embed
Score 0/18 Timer 05:00
0 Plays Today
% Correct
Degas
81.5%
Dali
72.4%
Mondrian
70.2%
Bosch
61%
Rubens
58.3%
Monet
54.4%
Michelangelo
52%
Picasso
51.8%
Manet
50%
% Correct
Renoir
47.8%
van Eyck
43%
Bruegel
42.5%
Rembrandt
40.3%
El Greco
39.8%
Da Vinci
34.2%
Caravaggio
29%
Boucher
22.4%
Titian
12%

You're not logged in!

Compare scores with friends on all Sporcle quizzes.
Sign Up with Email
OR
Log In

You Might Also Like...

Show Comments

Extras

Top Quizzes Today


Score Distribution

Your Account Isn't Verified!

In order to create a playlist on Sporcle, you need to verify the email address you used during registration. Go to your Sporcle Settings to finish the process.